| 000 | 00516nab a2200145 4500 | ||
|---|---|---|---|
| 003 | ES-SlBCS | ||
| 005 | 20220616200628.0 | ||
| 008 | 150129s2014 sp ||||| |||| 00| 0 spa d | ||
| 040 |
_aES-SlBCS _bspa |
||
| 100 | 1 |
_aHerrera, Juan José _968938 |
|
| 245 | 1 | 1 |
_a"Deus cognoscendo sepsum, omnia cognoscit" _b: A propósito de la recepción tomasiana de Metaphysica XII, 9 _cJuan José Herrera |
| 650 | 0 | 4 |
_aAtributos Divinos _9132337 |
| 773 | 0 |
_gNº 9, 2014, págs. 49-74 _tCauriensia _wRev110 _x1886-4945 |
|
| 942 |
_2lcc _cAR |
||
| 999 |
_c850684 _d850684 |
||